000 00893nam a2200241 a 4500
001 48851
003 BD-RjUL
005 20211209054609.0
008 160816s19861989ii |||| |||| 00| 0 ben d
020 _c:TK. 30.00
035 _a(BD-RjUL)48970
040 _aBD-RjUL
_bben
_cBD-RjUL
041 _aben
082 _223
_a891.44109
_bDAB 1989
100 1 _aদাশ, উত্তম
_9147229
245 1 0 _aবাংলা কাব্যনাট্য /
_cউত্তম দাশ
250 _a২য় সং.
260 _aকলিকাতা :
_bমহাদিগন্ত প্রকাশ সংস্হা,
_c১৯৮৯
300 _a[১৯], ১৩২ পৃ ;
_c২১ সেমি.
650 _aবাংলা কবিতা
_9146440
_xইতিহাস ও সমালোচনা
650 _aBengali Poetry
_9146441
_xHistory and Criticism
942 _2ddc
_cBK
999 _c48851
_d48851